000 nam a22 a 4500
999 _c60182
_d60182
003 BLK
005 20221129153537.0
008 180408b bul|||||r ||||||| ||bul||
010 _aKNG00064320000
040 _aBLK
041 _aBUL
_cBUL
080 _aСелскостопански машини и инструменти. Селскостопанско машиностроене
_b631.3
_x.004.67(075.8)
_z631.3.004.67(075.8)
100 1 _aСпиридонов, Ганчо
_eпърви автор
_9289700
139 _aСпиридонов, Ганчо
245 1 0 _aРемонт и поддържане на машините
_bУчебник за студентите от ВИММЕСС - Русе
_cГанчо Спиридонов.
257 _aBGR
260 _bЗемиздат
_c1979
_aСофия
300 _a287 с.
_c25 см
380 _a63
852 _aЦб 99377
856 4 _qpdf
_i0.00
_ldisable
856 4 _qpdf
_i0.00
_ldisable
942 _cKNG
_n0
_s1
944 _aCR
_c13.06.2004
_kЧиталня
944 _aED
_c13.06.2004
999 _d60182